Open Data Biblioteca Nacional de Portugal


República Portuguesa: Ministério da Cultura
Biblioteca Nacional de Portugal

Catálogo da BNP: acesso por Identificadores Unívocos
Registos Bibliográficos associados ao registo de autoridade

Etiqueta de registo: 00000ckm 2200025 450
001 1964421
003 http://id.bnportugal.gov.pt/bib/catbnp/1964421
101 0# $apor
102 ## $aPT
116 ## $ad
200 1# $aHistória Natural$bVisual gráfico]$ecolecção de 500 cromos$fdesenhos de E. Vicente e Miguel Conde$gtextos de Pilar Gavin e E. Perez Mas$gtradução portuguesa de F. Y. Cardoso Júnior
205 ## $a1ª ed
210 #9 $aLisboa$cEditorial Ibis, Ltd.ª,$dcop. 1958
215 ## $a2 álbuns ([6, 21 p. il.] cada)$cprincipalmente il., reprodução fotomecânica, color.$d27,5x20 cm
225 2# $aColecção Cultura$isérie 4.ª$válbum 1.º
225 2# $aColecção Cultura$isérie 4.ª$válbum 2.º
300 ## $aÁlbum popularmente designado como "caderneta de cromos"
304 ## $aIdentidade do editor e do distribuidor, segundo referências destacada na contracapa, omissa na página de rosto, sendo nesta incluída a menção de titularidade do direito de autor detido por "Francisco Bruguera"
307 ## $aColeção de estampas (ditas "cromos"), de 5,7x8,2 cm, com reproduções de desenhos coloridos de minerais, plantas e animais de diferentes espécies, coladas sobre rectângulos desenhados nas folhas de suporte, junto das respectivas legendas, respectivamente arrumadas em três secções ("Mineralogia", "Botânica" e "Zoologia")
308 ## $aReferências à coleção segundo menções na capa de cada álbum
317 ## $aColeção Leandro de Moraes Sarmento$5PTBN: L.M.S. 978
675 ## $a087.5(084.1)$vmed$zpor$3288233
675 ## $a087.5(=1:469)"19"(084.1)$vBN$zpor$31557998
675 ## $a549(084.1)$vBN$zpor$31817845
675 ## $a58(084.1)$vBN$zpor$3487879
675 ## $a59(084.5)$vBN$zpor$31402244
700 #1 $91$aRodriguez,$bE. Vicente,$ffl. 1950$31997393
702 #1 $91$aConde,$bMiguel,$f1925-2015$4070$31997477
702 #1 $aGavin,$bPilar$4070$332038
702 #1 $aPérez Más,$bErnesto$4070$359083
702 #1 $aBruguera Grané,$bFrancisco,$f1912-1996$4260$31817847
702 #1 $aCardoso Júnior,$bFrancisco José,$f1884-1969$4730$328562
712 02 $aEditorial Ibis$4650$36174
712 02 $aBertrand$4310$312798
801 #0 $aPT$bBN$gRPC
966 ## $d1º Álbum$lBN$mFGMON$pBiblioteca particular Leandro de Moraes Sarmento$sL.M.S. 978 $x3
966 ## $d1º Álbum$lBN$mICONOG$sE.A. 304 P. $x3
966 ## $d2º Álbum$lBN$mICONOG$sE.A. 305 P. $x3

Etiqueta de registo: 00254nkm 2200025 450
001 2285584
003 http://id.bnportugal.gov.pt/bib/catbnp/2285584
100 ## $a20260430d1957 m y0pory01030103ba
101 0# $apor
102 ## $aPT
116 ## $ad
200 1# $aBandeiras do universo$bVisual gráfico]$esérie de 128 cromos$fAgência Portuguesa de Revsitas, Editorial Ibis
210 #9 $aLisboa$cAgência Portuguesa de Revistas$cEditorial Ibis,$d[1957]
215 ## $a12 f.$ctodo il., color.$d28 cm
225 2# $aCultura$iSérie 2$v1
305 ## $aEdição rara com 4 cromos extra-coleção não referenciados na capa
305 ## $aVersão portuguesa da edição espanhola (Editorial Bruguera, 1956), com ilustrações de E. Vicente Rodriguez. Dois dos cromos da edição espanhola foram omitidos e substituidos por outros da autoria de Carlos Alberto Santos (cromos nº1 "Portugal", que ilustrava um campino trajado de castanho; e 125 "Fundação da Nacionalidade", que substitui a bandeira dos conquistadores espanhóis na original).
317 ## $aColeção Leandro de Moraes Sarmento$5PTBN: L.M.S. 949
330 ## $aSérie de 128 cromos, coloridos e esmaltados (6 x 8 cm), alusivos às bandeiras e aos trajos nacionais de todos os países, acompanhados de legendas elucidativas
606 ## $aCadernetas de cromos$yPortugal$zSéc. 20$2SIPOR$31997213
606 ## $aPublicações juvenis$2SIPOR$367222
675 ## $a087.5(084.1)$vBN$zpor$3288233
702 #1 $91$aRodriguez,$bE. Vicente,$ffl. 1950$4440$31997393
702 #1 $aSantos,$bCarlos Alberto,$f1933-2016$4440$33657
702 #1 $aBruguera Grané,$bFrancisco,$f1912-1996$4260$31817847
710 02 $aAgência Portuguesa de Revistas$3625
711 02 $aEditorial Ibis$4070$36174
801 #0 $aPT$bBN$gRPC
966 ## $lBN$mFGMON$pBiblioteca particular Leandro de Moraes Sarmento$sL.M.S. 949 $x3

Etiqueta de registo: 00254nkm 2200025 450
001 2285711
003 http://id.bnportugal.gov.pt/bib/catbnp/2285711
100 ## $a20260503d1958 m y0pory01030103ba
101 0# $apor
102 ## $aPT
116 ## $ad
200 1# $aRaças humanas$bVisual gráfico]$fAgência Portuguesa de Revistas$g[des. E. Vicente Rodriguez]
210 #9 $aAmadora$cEditorial Ibis,$d1956-1958
215 ## $a2 v.$ctodo il., color.$d29 cm
225 2# $aColecção Cultura.$iSérie 1 e 2
305 ## $aVersão portuguesa da edição espanhola (Editorial Bruguera, 1956 e 1958). A 1.ª série da edição portuguesa apresenta uma diferença nos 6 primeiros cromos ("Mulheres típicas de várias regiões de Portugal") em relação à edição espanhola (Tipos regionais de Espanha)
307 ## $aColeção de 256 cromos coloridos e esmaltados (8x5,5 cm), publicada em duas séries (1956 e 1958), correspondendo cada série a um volume de 128 cromos desenhados a guache por E. Vicente Rodriguez, alusivos a habitantes de diversos países, devidamente classificadas e acompanhadas de textos explicativos
317 ## $aColeção Leandro de Moraes Sarmento$5PTBN: L.M.S. 986; L.M.S. 987
327 11 $a1ª série; 12 f. (ed. 1956). - 2ª série; 12 f. (ed. 1958)
606 ## $aCadernetas de cromos$yPortugal$zSéc. 20$2SIPOR$31997213
606 ## $aPublicações juvenis$2SIPOR$367222
675 ## $a087.5(084.1)$vBN$zpor$3288233
702 #1 $91$aRodriguez,$bE. Vicente,$ffl. 1950$4440$31997393
702 #1 $aBruguera Grané,$bFrancisco,$f1912-1996$4260$31817847
710 02 $aAgência Portuguesa de Revistas$3625
801 #0 $aPT$bBN$gRPC
966 ## $dV. 1 (1ª série)$lBN$mFGMON$pBiblioteca particular Leandro de Moraes Sarmento$sL.M.S. 986 $x3
966 ## $dV. 1 (1ª série)$lBN$mFGMON$pBiblioteca particular Leandro de Moraes Sarmento$sL.M.S. 986 - D $x3
966 ## $dV. 2 (2ª série)$lBN$mFGMON$pBiblioteca particular Leandro de Moraes Sarmento$sL.M.S. 987 $x3

Etiqueta de registo: 00254nkm 2200025 450
001 2285645
003 http://id.bnportugal.gov.pt/bib/catbnp/2285645
100 ## $a20260503d1958 m y0pory01030103ba
101 0# $apor
102 ## $aPT
116 ## $ad
200 1# $aHistória Natural$bVisual gráfico]$ecolecção de 500 cromos$fEditorial Ibis$gtextos de Pilar Gavin e E. Perez Mas$gdes. E. Vicente e Miguel Conde$gtrad. F. J. Cardoso Júnior
205 ## $a9ª ed.
210 #9 $aAmadora$cEditorial Ibis$d[ca 1962]
215 ## $a1 v.$ctodo il., color.$d29 cm
225 2# $aColecção Cultura$iSérie 4$v2
305 ## $aVersão portuguesa da edição espanhola (Editorial Bruguera, 1958)
317 ## $aColeção Leandro de Moraes Sarmento$5PTBN: L.M.S. 974
327 11 $aV. 2: (23 f.)
330 ## $aColeção incompleta composta por 250 cromos esmaltados a cores (5,5x8 cm) com base em guaches de Miguel Conde (minerais) e E. Vicente Rodriguez (plantas e animais), alusivos à História Natural e arrumada em três secções: Mineralogia, Botânica e Zoologia
606 ## $aCadernetas de cromos$yPortugal$zSéc. 20$2SIPOR$31997213
606 ## $aPublicações juvenis$2SIPOR$367222
675 ## $a087.5(084.1)$vmed$zpor$3288233
701 #1 $aGavin,$bPilar$4070$332038
702 #1 $aPérez Más,$bErnesto$4070$359083
702 #1 $91$aRodriguez,$bE. Vicente,$ffl. 1950$4440$31997393
702 #1 $91$aConde,$bMiguel,$f1925-2015$4440$31997477
702 #1 $aBruguera Grané,$bFrancisco,$f1912-1996$4260$31817847
702 #1 $aCardoso Júnior,$bFrancisco José,$f1884-1969$4730$328562
710 02 $aEditorial Ibis$36174
801 #0 $aPT$bBN$gRPC
966 ## $dV. 2$lBN$mFGMON$pBiblioteca particular Leandro de Moraes Sarmento$sL.M.S. 974 $x3

Etiqueta de registo: 00254nkm 2200025 450
001 2285643
003 http://id.bnportugal.gov.pt/bib/catbnp/2285643
100 ## $a20260503d1958 m y0pory01030103ba
101 0# $apor
102 ## $aPT
116 ## $ad
200 1# $aHistória Natural$bVisual gráfico]$ecolecção de 500 cromos$fEditorial Ibis$gtextos de Pilar Gavin e E. Perez Mas$gdes. E. Vicente e Miguel Conde$gtrad. F. J. Cardoso Júnior
205 ## $a10ª ed.
210 #9 $aAmadora$cEditorial Ibis$d[1963]
215 ## $a2 vols.$ctodo il., color.$d29 cm
225 2# $aColecção Cultura$iSérie 4$v1; 2
305 ## $aVersão portuguesa da edição espanhola (Editorial Bruguera, 1958)
317 ## $aColeção Leandro de Moraes Sarmento$5PTBN: L.M.S. 972; L.M.S. 973
327 11 $aV. 1: (23 f.). - V. 2: (23 f.)
330 ## $aColeção de 500 cromos coloridos (5,5x8 cm), com base em guaches de Miguel Conde (minerais) e E. Vicente Rodriguez (plantas e animais), alusivos à História Natural e arrumada em três secções: Mineralogia, Botânica e Zoologia
606 ## $aCadernetas de cromos$yPortugal$zSéc. 20$2SIPOR$31997213
606 ## $aPublicações juvenis$2SIPOR$367222
675 ## $a087.5(084.1)$vmed$zpor$3288233
701 #1 $aGavin,$bPilar$4070$332038
702 #1 $aPérez Más,$bErnesto$4070$359083
702 #1 $91$aRodriguez,$bE. Vicente,$ffl. 1950$4440$31997393
702 #1 $91$aConde,$bMiguel,$f1925-2015$4440$31997477
702 #1 $aBruguera Grané,$bFrancisco,$f1912-1996$4260$31817847
702 #1 $aCardoso Júnior,$bFrancisco José,$f1884-1969$4730$328562
710 02 $aEditorial Ibis$36174
801 #0 $aPT$bBN$gRPC
966 ## $dV. 1$lBN$mFGMON$pBiblioteca particular Leandro de Moraes Sarmento$sL.M.S. 972 $x3
966 ## $dV. 2$lBN$mFGMON$pBiblioteca particular Leandro de Moraes Sarmento$sL.M.S. 973 $x3

Etiqueta de registo: 00254nkm 2200025 450
001 2285781
003 http://id.bnportugal.gov.pt/bib/catbnp/2285781
100 ## $a20260505d1957 m y0pory01030103ba
101 0# $apor
102 ## $aPT
116 ## $ad
200 1# $aBandeiras do universo$bVisual gráfico]$esérie de 128 cromos$fAgência Portuguesa de Revsitas, Editorial Ibis
205 ## $a[1ª ed.]
210 #9 $aLisboa$cAgência Portuguesa de Revistas$cEditorial Ibis,$d[1957]
215 ## $a[22] p. f.$ctodo il., color.$d28 cm
225 2# $aCultura$iSérie 2
305 ## $aVersão portuguesa da edição espanhola (Editorial Bruguera, 1956), com ilustrações de E. Vicente Rodriguez. Dois dos cromos da edição espanhola foram omitidos e substituidos por outros da autoria de Carlos Alberto Santos (cromos nº1 "Portugal", que ilustrava um campino trajado de castanho; e 125 "Fundação da Nacionalidade", que substitui a bandeira dos conquistadores espanhóis na original
307 ## $aColeção de 128 cromos (6x8 cm)
316 ## $aFaltam os cromos: 3, 5, 8, 26, 28, 37, 39, 41, 45, 47, 60, 69, 71, 74, 78, 81, 84, 86, 92, 94-96, 99104, 110113, 116 e 124$5PTBN: L.M.S. 995
317 ## $aColeção Leandro de Moraes Sarmento$5PTBN: L.M.S. 995
606 ## $aCadernetas de cromos$yPortugal$zSéc. 20$2SIPOR$31997213
606 ## $aPublicações juvenis$2SIPOR$367222
675 ## $a087.5(084.1)$vBN$zpor$3288233
702 #1 $91$aRodriguez,$bE. Vicente,$ffl. 1950$4440$31997393
702 #1 $aSantos,$bCarlos Alberto,$f1933-2016$4440$33657
702 #1 $aBruguera Grané,$bFrancisco,$f1912-1996$4260$31817847
710 02 $aAgência Portuguesa de Revistas$3625
711 02 $aEditorial Ibis$4070$36174
801 #0 $aPT$bBN$gRPC
966 ## $lBN$mFGMON$pBiblioteca particular Leandro de Moraes Sarmento$sL.M.S. 995 $x3
966 ## $lBN$mFGMON$pBiblioteca particular Leandro de Moraes Sarmento$sL.M.S. 995 - D $x3

Etiqueta de registo: 00254nkm 2200025 450
001 2285828
003 http://id.bnportugal.gov.pt/bib/catbnp/2285828
100 ## $a20260505d1957 m y0pory01030103ba
101 0# $apor
102 ## $aPT
116 ## $ad
200 1# $aÁlbum de zoologia$bVisual gráfico]$fAgência Portuguesa de Revsitas
210 #9 $aLisboa$cAgência Portuguesa de Revistas,$d[1957]
215 ## $a[30] p. f.$ctodo il., color.$d24 cm
304 ## $aVersão portuguesa da edição espanhola (Editorial Bruguera, 1952), com ilustrações de E. Vicente Rodriguez
307 ## $aColeção de 384 cromos (3x4,5 cm)
316 ## $aFaltam 152 cromos
317 ## $aColeção Leandro de Moraes Sarmento$5PTBN: L.M.S. 1003
606 ## $aCadernetas de cromos$yPortugal$zSéc. 20$2SIPOR$31997213
606 ## $aPublicações juvenis$2SIPOR$367222
675 ## $a087.5(084.1)$vBN$zpor$3288233
702 #1 $aBruguera Grané,$bFrancisco,$f1912-1996$4260$31817847
702 #1 $91$aRodriguez,$bE. Vicente,$ffl. 1950$4440$31997393
710 02 $aAgência Portuguesa de Revistas$3625
801 #0 $aPT$bBN$gRPC
966 ## $lBN$mFGMON$pBiblioteca particular Leandro de Moraes Sarmento$sL.M.S. 1003$x3

OpendataBNP@bnportugal.pt | Mais informação sobre acesso aos dados BNP